|
|
|
|
| LEADER |
00000nab a22000005a 4500 |
| 001 |
AR-BbUGT8184 |
| 003 |
AR-BbUGT |
| 005 |
20181220002528.0 |
| 007 |
ta |
| 008 |
080624s1985||||ag |||p |||| 0|||||spa d |
| 040 |
|
|
|a AR-BbUGT
|c AR-BbUGT
|
| 100 |
1 |
|
|a Mougeot, Luc J.A.
|
| 245 |
1 |
0 |
|a Circulación de un combustible crítico en el callejón andino :
|b La leña en la cuenca alta del Río Paute, Ecuador
|
| 653 |
|
|
|a Ecuador
|
| 653 |
|
|
|a Recursos Energéticos
|
| 653 |
|
|
|a Leña
|
| 653 |
|
|
|a Consumo
|
| 773 |
0 |
|
|o R207.44
|g No. 101 (1985), p. 115-131
|t Revista Geográfica (IPGH)
|x 0556-6630
|w AR-BbUGT7013
|
| 942 |
|
|
|2 ddc
|c ARTPP
|
| 999 |
|
|
|c 13692
|d 13692
|